Stanovenie všeobecnej hodnoty vybraného podniku v čase hospodárskej krízy diplomová práca

Na minha lista:
Detalhes bibliográficos
Autor principal: Súkeník, Pavol
Autor Corporativo: Fakulta podnikového manažmentu EU. Katedra podnikových financií
Outros Autores: Smorada, Marián, 1984-
Formato: Livro
Idioma:eslovaco
Publicado em: Bratislava 2022
Tags: Adicionar Tag
Sem tags, seja o primeiro a adicionar uma tag!

MARC

LEADER 00000nbm a2200000 4500
001 0285331
005 20230223150747.6
041 0 |a slo 
044 |a SK 
245 1 0 |a Stanovenie všeobecnej hodnoty vybraného podniku v čase hospodárskej krízy  |b diplomová práca  |c Pavol Súkeník ; školiteľ: Marián Smorada 
264 1 |a Bratislava  |c 2022 
300 |a 80 s. 
100 1 |a Súkeník, Pavol 
700 1 |a Smorada, Marián, 1984- 
710 2 |a Fakulta podnikového manažmentu EU. Katedra podnikových financií